Educación y enseñanza en la República Federal de Alemania (Record no. 2056)

MARC details
000 -LEADER
campo de control de longitud fija 01245nmm a2200325 a 4500
003 - IDENTIFICADOR DE NÚMERO DE CONTROL
campo de control AR-BaBNM
005 - FECHA Y HORA DE LA ÚLTIMA TRANSACCIÓN
campo de control 20251128203131.0
008 - DATOS DE LONGITUD FIJA--INFORMACIÓN GENERAL
campo de control de longitud fija 066119s1979 ||||||||||||||000 | spa||
020 ## - NÚMERO INTERNACIONAL ESTÁNDAR DEL LIBRO
Número Internacional Estándar del Libro 3-446-12812-3
040 ## - FUENTE DE CATALOGACIÓN
Centro/agencia transcriptor AR-BaBNM
100 1# - ENTRADA PRINCIPAL--NOMBRE DE PERSONA
Nombre de persona Führ, Christoph
245 10 - MENCIÓN DEL TÍTULO
Título Educación y enseñanza en la República Federal de Alemania
260 ## - PUBLICACIÓN, DISTRIBUCIÓN, ETC.
Lugar de publicación, distribución, etc. Viena
Nombre del editor, distribuidor, etc. Inter-Nationes
Fecha de publicación, distribución, etc. 1979
300 ## - DESCRIPCIÓN FÍSICA
Extensión 178 p.
Otros detalles físicos tablas, diagr.
500 ## - NOTA GENERAL
Nota general Contiene un apéndice de cuadros, índices, horarios de estudios y documentos
500 ## - NOTA GENERAL
Nota general El libro se basa en informaciones y documentaciones de la Conferencia de Ministros de Educación, del Ministerio Federal de Educación y Ciencia, de la Comisión Federación-Estados Federados para Planificación Educativa y Promoción de la Investigación, del D
504 ## - NOTA DE BIBLIOGRAFÍA, ETC.
Nota de bibliografía, etc. Nota Bibliografía: p. 169-178
650 #4 - PUNTO DE ACCESO ADICIONAL DE MATERIA--TÉRMINO DE MATERIA
Término de materia o nombre geográfico como elemento de entrada ORGANIZACION DE LA EDUCACION
650 #4 - PUNTO DE ACCESO ADICIONAL DE MATERIA--TÉRMINO DE MATERIA
Término de materia o nombre geográfico como elemento de entrada ADMINISTRACION DE LA EDUCACION
650 #4 - PUNTO DE ACCESO ADICIONAL DE MATERIA--TÉRMINO DE MATERIA
Término de materia o nombre geográfico como elemento de entrada ESTADO Y EDUCACION
650 #4 - PUNTO DE ACCESO ADICIONAL DE MATERIA--TÉRMINO DE MATERIA
Término de materia o nombre geográfico como elemento de entrada PAPEL DEL GOBIERNO
650 #4 - PUNTO DE ACCESO ADICIONAL DE MATERIA--TÉRMINO DE MATERIA
Término de materia o nombre geográfico como elemento de entrada EDUCACION COMPARADA
650 #4 - PUNTO DE ACCESO ADICIONAL DE MATERIA--TÉRMINO DE MATERIA
Término de materia o nombre geográfico como elemento de entrada POLITICA EDUCATIVA
651 #4 - PUNTO DE ACCESO ADICIONAL DE MATERIA--NOMBRE GEOGRÁFICO
Nombre geográfico Alemania
653 ## - TÉRMINO DE INDIZACIÓN--NO CONTROLADO
Término no controlado SISTEMA EDUCATIVO
653 ## - TÉRMINO DE INDIZACIÓN--NO CONTROLADO
Término no controlado FINANCIAMIENTO EDUCATIVO
700 1# - ENTRADA AGREGADA--NOMBRE PERSONAL
Nombre de persona Garzón Valdés, Ernesto
Término indicativo de función/relación traductor
942 ## - ELEMENTOS DE ENTRADA SECUNDARIOS (KOHA)
Tipo de ítem Koha Libros
998 ## - INFORMACIÓN DE CONTROL LOCAL (RLIN)
Iniciales del catalogador, CIN (RLIN) silvi
Holdings
Estatus retirado Estado de pérdida Fuente de la clasificación o esquema de estantería Estado de daño Restricciones de uso No para préstamo Biblioteca de origen Biblioteca actual Fecha de adquisición Total de préstamos Signatura topográfica completa Código de barras Visto por última vez Precio de reemplazo Tipo de ítem Koha
    Clasificación Decimal Dewey   Acceso restringido No para préstamo Liberty Liberty 28/11/2025   37[4/9] FUH 024640 28/11/2025 28/11/2025 Libros